00512nam a22001097a 4500040000800000082002600008100003900034245026600073260002600339300002400365856001300389 cRUA aAGR SO 2015 B474 Or.1 aSO DARA; សូរ ដារ៉ា aThe comporison of natural fertrilizers and biochars on cucumber yield, ការប្រៀបធៀបប្រភេទជីធម្មជាតិ និងធ្យូងអង្កាមទៅលើទិន្នផលដំណាំត្រសក់ aPhnom PenhbRUAc2015 ax,48p.bill.c29cm. u SO DARA